Trendy v elektromobilite bakalárska práca

Na minha lista:
Detalhes bibliográficos
Autor principal: Marko, Peter
Autor Corporativo: Obchodná fakulta EU. Katedra marketingu
Outros Autores: Belička, Peter
Formato: Livro
Idioma:eslovaco
Publicado em: Bratislava 2018
Tags: Adicionar Tag
Sem tags, seja o primeiro a adicionar uma tag!

MARC

LEADER 00000nbm a2200000 4500
001 0245073
005 20180815090202.9
041 0 |a slo 
044 |a SK 
245 1 0 |a Trendy v elektromobilite  |b bakalárska práca  |c Peter Marko ; školiteľ: Peter Belička 
264 1 |a Bratislava  |c 2018 
300 |a 52 s. 
100 1 |a Marko, Peter 
700 1 |a Belička, Peter 
710 2 |a Obchodná fakulta EU. Katedra marketingu